[Event "Moravia-Silesia Region-chT 2223"]
[Site "Czech Republic"]
[Date "2023.01.15"]
[Round "6"]
[White "Sobek, Rostislav"]
[Black "Jurok, Vojtech"]
[Result "1/2-1/2"]
[WhiteElo "1860"]
[BlackElo "1575"]
[PlyCount "45"]
[EventDate "2022.10.09"]
[EventType "team-tourn"]
[EventRounds "11"]
[EventCountry "CZE"]
[SourceTitle "EXT 2024"]
[Source "ChessBase"]
[SourceDate "2023.10.10"]
[SourceVersion "1"]
[SourceVersionDate "2023.10.10"]
[SourceQuality "1"]
[WhiteTeam "Karvina"]
[BlackTeam "Orlova Slavia III"]
[WhiteTeamCountry "CZE"]
[BlackTeamCountry "CZE"]

1. d4 Nf6 2. c4 c5 3. d5 b5 4. cxb5 a6 5. Nc3 axb5 6. f3 d6 7. Nxb5 Qa5+ 8. Nc3 g6 9. e4 Ba6 10. Bxa6 Nxa6 11. Nge2 Bg7 12. 0-0 0-0 13. f4 Nd7 14. Be3 Rfb8 15. Qd2 Nc7 16. e5 Nb6 17. b3 Rd8 18. Rac1 dxe5 19. fxe5 Nbxd5 20. Nxd5 Rxd5 21. Qxa5 Rxa5 22. Nc3 Rd3 23. Bf2 1/2-1/2

[Event "CZE-chT2F 2122"]
[Site "Czech Republic"]
[Date "2022.02.27"]
[Round "9.8"]
[White "Tvrdy, Petr"]
[Black "Sobek, Rostislav"]
[Result "1-0"]
[WhiteElo "1866"]
[BlackElo "1867"]
[PlyCount "51"]
[EventDate "2021.10.17"]
[EventType "team-tourn"]
[EventRounds "11"]
[EventCountry "CZE"]
[SourceTitle "EXT 2024"]
[Source "ChessBase"]
[SourceDate "2023.10.10"]
[SourceVersion "1"]
[SourceVersionDate "2023.10.10"]
[SourceQuality "1"]
[WhiteTeam "Dobra Sokol"]
[BlackTeam "Karvina"]
[WhiteTeamCountry "CZE"]
[BlackTeamCountry "CZE"]

1. d4 f5 2. Nf3 Nf6 3. Bf4 e6 4. e3 Be7 5. Nbd2 d6 6. h3 0-0 7. c3 Ne4 8. Bd3 d5 9. Ne5 Nd7 10. Nxd7 Bxd7 11. Nf3 Bd6 12. Ne5 Qe7 13. 0-0 c5 14. f3 Nf6 15. Qe1 Nh5 16. Bh2 Be8 17. g4 fxg4 18. hxg4 Nf6 19. Qh4 h6 20. Qh3 Nd7 21. f4 c4 22. Be2 Bxe5 23. dxe5 Nc5 24. g5 h5 25. g6 Nd3 26. Qxh5 1-0

[Event "CZE-chT2F 1920"]
[Site "Czech Republic"]
[Date "2020.06.27"]
[Round "10.7"]
[White "Trombik, Karel"]
[Black "Sobek, Rostislav"]
[Result "1/2-1/2"]
[WhiteElo "1945"]
[BlackElo "1890"]
[PlyCount "125"]
[EventDate "2019.10.13"]
[EventType "team-tourn"]
[EventRounds "11"]
[EventCountry "CZE"]
[SourceTitle "EXT 2024"]
[Source "ChessBase"]
[SourceDate "2023.10.10"]
[SourceVersion "1"]
[SourceVersionDate "2023.10.10"]
[SourceQuality "1"]
[WhiteTeam "Ostrava Labortech II"]
[BlackTeam "Karvina"]
[WhiteTeamCountry "CZE"]
[BlackTeamCountry "CZE"]

1. d4 d5 2. Bf4 Nf6 3. e3 e6 4. c4 Bd6 5. Bg3 Ne4 6. Bxd6 Qxd6 7. Qb3 0-0 8. Nf3 b6 9. cxd5 exd5 10. Nc3 c6 11. Bd3 Nf6 12. 0-0 Ba6 13. Bxa6 Nxa6 14. Rac1 Qb4 15. Qc2 Rac8 16. a3 Qa5 17. Qb1 g6 18. Rfd1 Rfd8 19. Qa2 c5 20. dxc5 Qxc5 21. h3 Kg7 22. Qa1 Qe7 23. Nb5 Nc5 24. Nbd4 Qd6 25. b4 Nce4 26. Qb2 a6 27. Nb3 Kg8 28. Qd4 Rc4 29. Qb2 Rdc8 30. Rxc4 Rxc4 31. Nbd2 Rc3 32. Nxe4 Nxe4 33. Ng5 Qe5 34. Nxe4 dxe4 35. Rd8+ Kg7 36. Rc8 Rc5 37. Qxe5+ Rxe5 38. Rc6 Rb5 39. Rc4 Re5 40. Rc6 Rb5 41. Kf1 a5 42. Rc4 axb4 43. a4 Ra5 44. Rxb4 f5 45. Ke2 Kf7 46. g4 Ke7 47. Rxb6 Rxa4 48. Rb7+ Kf6 49. gxf5 gxf5 50. Rxh7 Ra1 51. Rh8 Rh1 52. f4 Rh2+ 53. Kf1 Kg7 54. Rh5 Kg6 55. Rg5+ Kf6 56. Rg3 Ra2 57. Kg1 Ra1+ 58. Kf2 Ra2+ 59. Ke1 Rh2 60. Kf1 Ra2 61. Rg8 Rh2 62. Rh8 Kg7 63. Rh4 1/2-1/2

[Event "CZE-chT2F 1819"]
[Site "Czech Republic"]
[Date "2019.03.31"]
[Round "11.8"]
[White "Baier, Pavel"]
[Black "Sobek, Rostislav"]
[Result "1-0"]
[WhiteElo "2099"]
[BlackElo "1973"]
[PlyCount "103"]
[EventDate "2018.10.14"]
[EventType "team-tourn"]
[EventRounds "11"]
[EventCountry "CZE"]
[SourceTitle "EXT 2022"]
[Source "ChessBase"]
[SourceDate "2021.10.06"]
[SourceVersion "1"]
[SourceVersionDate "2021.10.06"]
[SourceQuality "1"]
[WhiteTeam "Havirov Banik"]
[BlackTeam "Karvina"]
[WhiteTeamCountry "CZE"]
[BlackTeamCountry "CZE"]

1. e4 c6 2. Nc3 d5 3. Nf3 dxe4 4. Nxe4 Nf6 5. Nxf6+ exf6 6. Bc4 Bd6 7. Qe2+ Qe7 8. Qxe7+ Kxe7 9. d4 Be6 10. Be2 c5 11. Be3 Nd7 12. 0-0-0 cxd4 13. Nxd4 Ne5 14. Nb5 Bb8 15. Bc5+ Ke8 16. Rd4 Nc6 17. Nd6+ Kd7 18. Rd2 Bxd6 19. Rxd6+ Kc7 20. Rhd1 Rad8 21. Rxd8 Rxd8 22. Rxd8 Kxd8 23. b3 Kc7 24. Kd2 Bd5 25. f3 b6 26. Bf2 Nd8 27. c4 Bc6 28. c5 Bd5 29. Kc3 Kc6 30. cxb6 axb6 31. a4 Ne6 32. Be3 f5 33. b4 g6 34. Bb5+ Kb7 35. a5 bxa5 36. bxa5 Nc7 37. Be2 Be6 38. Kd4 Nd5 39. Bd2 Nc7 40. Kc5 h5 41. Bf4 Na6+ 42. Kd6 Nc7 43. Be3 Ne8+ 44. Ke7 Nc7 45. Bf2 Nd5+ 46. Kd6 Nc7 47. Bb6 Na6 48. Bb5 Nb4 49. Be8 Ka6 50. Ke7 Nd5+ 51. Kf8 Nxb6 52. axb6 1-0